| 000 | 02063nam0a2200421 4500 | ||
|---|---|---|---|
| 001 | RU\NLR\BIBL_A\016309352 | ||
| 005 | 20230419122506.0 | ||
| 010 | _a978-5-00147-466-1 | ||
| 021 |
_aRU _bКН-П-23-005321 _9КН-П-23-0519 |
||
| 035 | _a(NLR Aleph) 016309352 | ||
| 035 | _a(RuMoRGB)011567477 | ||
| 090 |
_a12997661 _c12997661 |
||
| 100 | _a20230313d2022 k y0rusy50 ca | ||
| 101 | 0 |
_arus _aeng |
|
| 102 | _aRU | ||
| 105 | _aach z 000zy | ||
| 181 | 0 |
_ai _baxxe |
|
| 182 | 0 | _an | |
| 200 | 1 |
_aИдеология космического общества. Космический IT-календарь. Заселение Луны _dThe ideology of the space society. Space IT calendar. Settlement of the moon _eтезисы _eмонография _fС. Л. Морозов _zeng |
|
| 203 |
_aТекст _bвизуальный _cнепосредственный |
||
| 210 |
_aМосква _cВАШ ФОРМАТ _d2022 |
||
| 215 |
_a432 с. _cил., цв. ил., портр., факс. _d25 |
||
| 300 | _aНа 5-й с. авт.: С. Л. Морозов, канд. мед. наук | ||
| 300 | _aТекст рус., англ. | ||
| 320 | _aБиблиогр.: с. 424-425, 430-432 и в тексте | ||
| 320 | _aДр. произведения авт.: с. 423-424 | ||
| 510 | 1 |
_6z37790 _aThe ideology of the space society. Space IT calendar. Settlement of the moon _zeng |
|
| 606 | 1 |
_aКосмонавтика _xИстория _92083328 _3RU\NLR\AUTH\661259378 |
|
| 675 |
_a629.78(043.2) _v4 |
||
| 686 |
_a39.6 _2rubbks |
||
| 686 | 1 | _aО6г(0) | |
| 700 | 1 |
_7ca _8rus _aМорозов _bС. Л. _cканд. мед. наук, финансовый аналитик _f1946- _gСергей Львович _9100261 _3RU\NLR\AUTH\77117336 |
|
| 790 | 1 |
_6z37510 _7ba _8rus _aMorozov _bS. L. _cканд. мед. наук, финансовый аналитик _f1946- _gSergej L'vovič _9176230 _3RU\NLR\AUTH\770176281 |
|
| 942 | _cBOOK | ||
| 980 | _aNB | ||